| 000 | 00563nam a2200193Ia 4500 | ||
|---|---|---|---|
| 003 | OSt | ||
| 005 | 20240406120442.0 | ||
| 008 | 210210b1963 xxu||||| |||| 00| 0 eng d | ||
| 040 | _cAL | ||
| 041 | _aKannada | ||
| 082 | _a856/157 | ||
| 100 |
_aHECT SELIG ಹೆಕ್ಟ್ ಸೆಲಿಗ್ _9159294 |
||
| 245 |
_aParamanu vivarane _bಪರಮಾಣು ವಿವರಣೆ |
||
| 260 |
_aBengaluru _b- _c1963 |
||
| 690 |
_aKannada Miscellaneous _9159295 |
||
| 700 |
_aRAGHAVENDRA ರಾಘವೇಂದ್ರ _9159296 |
||
| 906 | _a020398 | ||
| 942 |
_2ddc _cBK |
||
| 999 |
_c144547 _d144547 |
||